000 01051naa a22003017a 4500
001 BR8801534
003 BR-BrBNA
005 20240918175955.0
007 ta
008 230509b bl.||||| |||| 00| 0 por d
040 _aBR-BrBNA
_bpor
_cBiblioteca Nacional de Agricultura
041 _a(Pt)
072 _aE21
_b8966
_bG514
090 _aE21 BR8801534
100 1 _aDierberger, I.E.
100 1 _aSicherle, V.
100 1 _aBrito, I.C. de
111 1 _a1. Simposio de Oleos Essenciais
_cCampinas, SP (Brazil)
_d27-28 Mar 1986
245 1 _aDiretrizes para o desenvolvimento do setor agroindustria [oleo essencial]
260 3 _aCampinas, SP (Brasil):
_c1986.
500 _a1. Simposio de Oleos Essenciais Campinas, SP (Brasil): 1986. p. 197-207 (BR8801534-AM)E21
650 _aOLEO ESSENCIAL
650 _aINDUSTRIA AGRICOLA
650 _aDESENVOLVIMENTO INDUSTRIAL
773 0 _t1. Simposio de Oleos Essenciais
_wE21 BR8801534
_gCampinas, SP (Brasil), 1986. p. 197-207
909 _a202404
_bLucia
_c55
_dLucia Elande
942 _cAM
_2AGRIS
999 _c319061
_d319061